• 首页
  • 本馆介绍
  • 公告通知
  • 最新文献
  • 馆藏检索
  • 电子资源
  • 读者导购
  • 参考咨询
  • 我的图书馆
  • 登录
  • 详细信息显示
  • 放入我的书架
  • 预约/预借图书
  • 作者相关作品
  • 分类相关作品
  • 丛书相关作品
  • 出版社相关作品

书目信息

  • 表格格式
  • 工作单格式
  • 卡片格式
题名:
铸造过程物理化学
    
 
作者: 雷永泉 主编
分册:  
出版信息: 北京   新时代出版社  1982
页数: 243页
开本: 25cm
丛书名:
单 册:
中图分类: TG21
科图分类:
主题词: 铸造-物理化学 , 物理化学-铸造
电子资源:
ISBN:
000 00686nam0 2200253 45
001 0182010762
005 20060718104137.14
010    @dCNY1.65
091    @aCN@b15241.13
100    @a19950630d1982 emky0chiy0121 ea
101 0  @achi
102    @aCN@b110000
105    @ay z 000yy
200 10 @a铸造过程物理化学@Azhu zao guo cheng wu li hua xue@f雷永泉主编
210    @a北京@c新时代出版社@d1982
215    @a243页@d25cm
500    @a铸造过程物理化学@Azhu zao guo cheng wu li hua xue
606    @a铸造-物理化学
606    @a物理化学-铸造
690    @aTG21@v3
701  0 @a雷永泉@Alei yong quan@4主编
801  2 @aCN@bNLC@c20060718
801  0 @aCN@bTSSF
905    @dTG21@e2
    
    铸造过程物理化学/雷永泉主编.-北京:新时代出版社,1982
    243页;25cm
    
    
    ISBN :CNY1.65
    
●
相关链接 在E读中查询图书 在五车中查询图书 在当当中查询图书 在豆瓣中查询图书


正题名:铸造过程物理化学     索取号:TG21/2         预约/预借

序号 登录号 条形码 馆藏地/架位号 状态 备注
1 0437184   204371848   密集书库/ [索取号:TG21/2] 在馆    
2 0437185   204371857   密集书库/ [索取号:TG21/2] 在馆    
3 0437186   204371866   密集书库/ [索取号:TG21/2] 在馆    
4 0437187   204371875   密集书库/ [索取号:TG21/2] 在馆    
5 0437188   204371884   密集书库/ [索取号:TG21/2] 在馆    
唐山师范学院图书馆 欢迎您!
大连网信软件有限公司© 版权所有